000 00837nam a2200241Ia 4500
003 OSt
005 20220923223653.0
006 a|||||r|||| 00| 0
007 ta
008 Pun
024 _a220,078
037 _cTextual
040 _aARTS
_cARTS
_bPun
041 _2Pun
_aPun
082 _aO153:gN9, N9
100 _aਭਾਟੀਆ, ਹਰਿਭਜਨ ਸਿੰਘ
245 0 _aਵੀਹਵੀਜ਼ ਸਦੀ ਦੀ ਪੰਜਾਬੀ ਆਲੋਚਨਾ
_b ਸੰਬਾਦ ਤੇ ਮੁਲਾਂਕਣ
260 _aਅਮਿਤਸਰ੍ਰ
_b ਗੁਰੂ ਨਾਨਕ ਦੇਵ ਯੁਨੀਵਰਸਿਟੀ
_c1999
300 _a339ਪੰ
_ccm.
650 _aਪੰਜਾਬੀ ਸਾਹਿਤ
942 _hO153:gN9, N9
_cTEXL
_2CC
999 _c366778
_d366778